000 00305nam a2200121 a 4500
005 20140414131921.0
008 101022s19uu xx 00 eng d
050 _aER
_bB39 1989
100 _aScarry, Richard
245 _aBedtime stories.
260 _aNew York :
_bRandom House,
_c1978.
999 _c111761
_d111761